| 000 | 00744nam a22002177a 4500 | ||
|---|---|---|---|
| 999 |
_c178186 _d178186 |
||
| 005 | 20210322113951.0 | ||
| 006 | a|||||f|||| 00| 0 | ||
| 007 | tc | ||
| 008 | 180720b xxu||||| |||| 00| 0 eng d | ||
| 010 | _aBR-003200-BR-003215 | ||
| 020 | _c247.00(per set) | ||
| 035 | _a BR-003200 | ||
| 037 | _bN.I.V.H. | ||
| 082 | _a485 | ||
| 245 | _aNew Light in General English | ||
| 260 |
_aDehradun _bN.I.V.H. _cDehradun |
||
| 270 |
_a116,Rajpur Road, Dehradun,(Uttarakhand) _bDehradun _e248001 |
||
| 300 |
_a4V.,various pages. _c30cm(HB). |
||
| 942 |
_2ddc _cBRLEN _h485 _mNEW |
||